عرض عادي
عرض مارك
- Brown, B. H.
مدخل إسم شخص
001 - رقم الضبط
- حقل الضبط: 47528
003 - معرف رقم الضبط
- حقل الضبط: OSt
005 - تاريخ ووقت أخر عملية
- حقل الضبط: 20150217084617.0
008 - عناصر بيانات ثابتة الطول
- حقل تحكم ثابت الطول: 150217|| aca||aabn | a|a d
040 ## - مصدر الفهرسة
- هيئة الفهرسة الأصلية: OSt
- وكالة الكتابة: OSt
100 ## - مدخل -- أسم شخص
- إسم شخص: Brown, B. H.
- الشكل الكامل للاسم: (Brian H.)
- عنوان العمل: Medical physics and physiological measurement.
670 ## - بيانات المصدر موجوده
- الاستشهاد بالمصدر: Work cat.: (OSt)0: Medical physics and biomedical engineering /, 1999.
